Pleaser (Wallows) - Statistics

General Stats
  • This quiz has been taken 83 times
  • The average score is 23 of 26
Answer Stats
Hint Answer % Correct
Sitting out the weekend, couldn't do it Again
100%
You say but I'm sitting out the weekend couldn't do it Again
100%
But couldn't leave my mouth, does it come as a Surprise
100%
Language of averted eyes, silence is what I do Best
99%
Still I hear it all wasted time around my head so I talk to myself instead
99%
Back in your room remain the words I wanna say to You
99%
Say you want it right now, but I wouldn't Know how
97%
Say you want it right now, but I wouldn't Know how
97%
If only I could Please her
97%
If only I could Please her
97%
Its something that I can't do, then what am I Supposed to
97%
Its something that I can't do, then what am I Supposed to
97%
You're talking while you're fast Asleep
96%
As I walk slowly from your House
96%
Quite the People pleaser
96%
Quite the People pleaser
96%
Bite my tongue off with a smile, I can't feel it Anymore
87%
But I just wanna sleep today and I don't wanna talk to you Right now
87%
Indecisive feelings of enjoyment, hold that though I think I Need a moment
81%
Cause recently the line is blurred, between Depression and bliss
74%
Im talking while you're next to me did I Ruin the moment
72%
Im aware there's something I should tell you but my voice Annoys me
68%
If I could tell you how I feel would you know what the Words meant
68%
Now I see that the times don't change, they Waste away
63%
Cause that's the best youre gonna get so maybe I had Better leave
57%
For sake of conversation could you read the writings on My sleeve
44%
No matching quizzes found
Score Distribution
Percent of People with Each Score
Percentile by Number Answered
Your Score History
You have not taken this quiz